Siete noches

Recopilación de conferencias de Jorge Luis Borges dadas en 1977. Son siete en total, llevadas a cabo en los meses de julio y agosto sobre La Divina Comedia, La pesadilla, Las mil y una noches, El budismo, La poesía, La cábala y La ceguera.

Na minha lista:
Detalhes bibliográficos
Autor principal: Borges, Jorge Luis
Formato: Livro
Idioma:Undetermined
Publicado em: Madrid, España Editorial Alianza 2000
Assuntos:
Tags: Adicionar Tag
Sem tags, seja o primeiro a adicionar uma tag!

MARC

LEADER 00000nam a2200000Ia 4500
008 170316s9999 xx 000 0 und d
040 |a cru BVZT 
090 |a 860 B-32s 
100 |a Borges, Jorge Luis  |9 1174 
245 |a Siete noches  |c / Jorge Luis Borges 
260 |a Madrid, España  |b Editorial Alianza  |c 2000 
300 |a 159 páginas 
520 |a Recopilación de conferencias de Jorge Luis Borges dadas en 1977. Son siete en total, llevadas a cabo en los meses de julio y agosto sobre La Divina Comedia, La pesadilla, Las mil y una noches, El budismo, La poesía, La cábala y La ceguera. 
650 |a LITERATURA LATINOAMERICANA  |9 15 
650 |a CONFERENCIAS DE BORGES - 1977  |9 1273 
999 |c 8451  |d 8451 
942 |c 4 D  |h 860 B-32s  |2 z